[Event "EU-ch U12 26th"]
[Site "Prague"]
[Date "2016.08.24"]
[Round "6"]
[White "Tajovsky, Matej"]
[Black "Veres, Simon"]
[Result "1-0"]
[WhiteElo "1584"]
[BlackElo "1514"]
[PlyCount "31"]
[EventDate "2016.08.18"]
[EventType "swiss"]
[EventRounds "9"]
[EventCountry "CZE"]
[SourceTitle "CBM 174 Extra"]
[Source "ChessBase"]
[SourceDate "2016.10.10"]
[SourceVersion "1"]
[SourceVersionDate "2016.10.10"]
[SourceQuality "1"]

1. e4 c5 2. Nf3 g6 3. d4 cxd4 4. Qxd4 Nf6 5. Bb5 Bg7 6. e5 Ng8 7. 0-0 Nc6 8. Bxc6 bxc6 9. Nc3 Bb7 10. Bf4 f6 11. Rfe1 fxe5 12. Bxe5 Nf6 13. Bxf6 Bxf6 14. Qxf6 Rg8 15. Ng5 Rf8 16. Qg7 1-0

[Event "Liptovsky Mikulas V4 U15 op"]
[Site "Liptovsky Mikulas"]
[Date "2016.06.26"]
[Round "9"]
[White "Veres, Simon"]
[Black "Bobro, Jan"]
[Result "0-1"]
[WhiteElo "1608"]
[BlackElo "1505"]
[PlyCount "92"]
[EventDate "2016.06.22"]
[EventType "swiss"]
[EventRounds "9"]
[EventCountry "SVK"]
[SourceTitle "CBM 173 Extra"]
[Source "ChessBase"]
[SourceDate "2016.08.29"]
[SourceVersion "1"]
[SourceVersionDate "2016.08.29"]
[SourceQuality "1"]

1. e4 c5 2. Nf3 e6 3. c4 a6 4. d4 cxd4 5. Nxd4 Nf6 6. Nc3 Qc7 7. a3 b6 8. Be3 Bb7 9. Qd3 d6 10. Be2 Nbd7 11. Qc2 Ne5 12. b3 Rc8 13. Rc1 Be7 14. 0-0 0-0 15. f3 Ng6 16. Qd2 Qd7 17. Nc2 Bd8 18. Bg5 h6 19. Bxf6 Bxf6 20. Rfd1 Bg5 21. Ne3 Rfd8 22. Qd3 Ne5 23. Qd4 Rc6 24. g3 Bf6 25. Qd2 Rdc8 26. f4 Ng6 27. e5 Be7 28. Na2 d5 29. cxd5 Rxc1 30. Rxc1 Rxc1+ 31. Qxc1 exd5 32. a4 Bc5 33. Bd3 Qc6 34. Bf1 Ne7 35. Kh1 Bxe3 36. Qxc6 Bxc6 37. h3 d4+ 38. Kh2 Be4 39. Bxa6 d3 40. Nc3 d2 41. Be2 Bc2 42. b4 Bd4 43. Nd1 Bxd1 44. Bxd1 Nd5 45. a5 bxa5 46. bxa5 Nc3 0-1

[Event "Liptovsky Mikulas V4 U15 op"]
[Site "Liptovsky Mikulas"]
[Date "2016.06.23"]
[Round "4"]
[White "Vorobieva, Varvara"]
[Black "Veres, Simon"]
[Result "1-0"]
[WhiteElo "1457"]
[BlackElo "1608"]
[PlyCount "80"]
[EventDate "2016.06.22"]
[EventType "swiss"]
[EventRounds "9"]
[EventCountry "SVK"]
[SourceTitle "CBM 173 Extra"]
[Source "ChessBase"]
[SourceDate "2016.08.29"]
[SourceVersion "1"]
[SourceVersionDate "2016.08.29"]
[SourceQuality "1"]

1. e4 c5 2. c3 g6 3. d4 cxd4 4. cxd4 Bg7 5. Nf3 Nc6 6. Nc3 d6 7. h3 Nf6 8. Be3 0-0 9. Bd3 Bd7 10. 0-0 Rc8 11. Rc1 Nb4 12. Bb1 Nc6 13. Nd2 a6 14. Nb3 Rc7 15. d5 Ne5 16. Bb6 Qc8 17. Bxc7 Qxc7 18. Ne2 Qb6 19. Qd4 Qxd4 20. Nexd4 Ba4 21. Rc7 Rb8 22. Rfc1 Ned7 23. Rc8+ Rxc8 24. Rxc8+ Bf8 25. Rc7 b6 26. Rc1 Bh6 27. Re1 Ne5 28. Bc2 Nc4 29. Rb1 Bg7 30. f3 Nd7 31. Bd3 Bxb3 32. Nxb3 Nde5 33. Be2 Nxb2 34. Rxb2 Nxf3+ 35. gxf3 Bxb2 36. Bxa6 Ba3 37. Kf2 Kg7 38. Bc4 Kf6 39. f4 g5 40. Kf3 h6 1-0

[Event "SVK-ch U12"]
[Site "Liptovsky Mikulas"]
[Date "2016.04.21"]
[Round "7"]
[White "Zetocha, Adrian"]
[Black "Veres, Simon"]
[Result "0-1"]
[WhiteElo "1838"]
[BlackElo "1441"]
[PlyCount "36"]
[EventDate "2016.04.16"]
[EventType "swiss"]
[EventRounds "9"]
[EventCountry "SVK"]
[SourceTitle "CBM 172 Extra"]
[Source "ChessBase"]
[SourceDate "2016.06.21"]
[SourceVersion "1"]
[SourceVersionDate "2016.06.21"]
[SourceQuality "1"]

1. e4 c5 2. Nf3 g6 3. d4 cxd4 4. Qxd4 Nf6 5. e5 Nc6 6. Qa4 Nd5 7. Qe4 Nb6 8. Nc3 Bg7 9. Bf4 0-0 10. 0-0-0 f6 11. h4 fxe5 12. Nxe5 Qe8 13. Nb5 d5 14. Qe3 Rxf4 15. Qxf4 Bxe5 16. Qf3 h5 17. Qe3 Qf7 18. Kb1 Be6 0-1

[Event "SVK-ch U12"]
[Site "Liptovsky Mikulas"]
[Date "2016.04.17"]
[Round "2"]
[White "Veres, Simon"]
[Black "Gyerpal, Adrian"]
[Result "1-0"]
[WhiteElo "1441"]
[BlackElo "1673"]
[PlyCount "78"]
[EventDate "2016.04.16"]
[EventType "swiss"]
[EventRounds "9"]
[EventCountry "SVK"]
[SourceTitle "CBM 172 Extra"]
[Source "ChessBase"]
[SourceDate "2016.06.21"]
[SourceVersion "1"]
[SourceVersionDate "2016.06.21"]
[SourceQuality "1"]

1. e4 c5 2. Nf3 Nc6 3. d4 cxd4 4. Nxd4 g6 5. c4 Nf6 6. Nc3 d6 7. Be2 Bg7 8. Be3 0-0 9. 0-0 Nxd4 10. Bxd4 Be6 11. Rc1 a5 12. Qd3 a4 13. Bf3 Nd7 14. Bxg7 Kxg7 15. Nb5 Kg8 16. Rfd1 Ne5 17. Qe2 Qb6 18. b3 axb3 19. axb3 Bd7 20. Nd4 Nc6 21. Nb5 Nd8 22. Nd4 Ne6 23. Nxe6 Bxe6 24. Qc2 Ra3 25. Rb1 Rfa8 26. Rb2 Ra1 27. Rdb1 Qb4 28. h3 R8a3 29. Qd1 Rxb1 30. Rxb1 b5 31. Be2 bxc4 32. bxc4 Qc5 33. Qc1 Kg7 34. Rb5 Qa7 35. Qb2+ f6 36. Rb7 Ra1+ 37. Kh2 Qa8 38. Rxe7+ Bf7 39. Bf3 Ra2 1-0

[Event "SVK-ch U12"]
[Site "Liptovsky Mikulas"]
[Date "2016.04.16"]
[Round "1"]
[White "Horvath, Jan"]
[Black "Veres, Simon"]
[Result "0-1"]
[WhiteElo "1000"]
[BlackElo "1441"]
[PlyCount "104"]
[EventDate "2016.04.16"]
[EventType "swiss"]
[EventRounds "9"]
[EventCountry "SVK"]
[SourceTitle "CBM 172 Extra"]
[Source "ChessBase"]
[SourceDate "2016.06.21"]
[SourceVersion "1"]
[SourceVersionDate "2016.06.21"]
[SourceQuality "1"]

1. e4 c5 2. Nf3 g6 3. Bc4 Bg7 4. 0-0 Nc6 5. Nc3 d6 6. h3 Bd7 7. Re1 a6 8. a3 Rc8 9. Ba2 b5 10. Ng5 e6 11. d3 Nf6 12. Bf4 Nh5 13. Bd2 0-0 14. b4 Nd4 15. Nf3 Nxf3+ 16. Qxf3 cxb4 17. axb4 Bxc3 18. Bxc3 Rxc3 19. Bb3 Rc6 20. d4 Qf6 21. Qxf6 Nxf6 22. d5 Rb6 23. e5 Nxd5 24. Bxd5 exd5 25. Red1 Be6 26. exd6 Rxd6 27. c3 Rc8 28. Rac1 Rdc6 29. Rd3 d4 30. Rxd4 Rxc3 31. Ra1 Rc1+ 32. Rxc1 Rxc1+ 33. Kh2 Rc4 34. Rd8+ Kg7 35. Ra8 Rxb4 36. Rxa6 Ra4 37. Rb6 b4 38. Kg3 b3 39. Kf3 Ra5 40. Ke2 Bc4+ 41. Kd2 Rb5 42. Rxb5 Bxb5 43. Kc3 Bf1 44. Kxb3 Bxg2 45. h4 h6 46. Kc3 g5 47. hxg5 hxg5 48. Kd3 f5 49. Ke3 Kf6 50. Ke2 Ke5 51. Ke1 Ke4 52. Ke2 f4 0-1